Open Data Biblioteca Nacional de Portugal


República Portuguesa: Ministério da Cultura
Biblioteca Nacional de Portugal

Catálogo da BNP: acesso por Identificadores Unívocos
Registos Bibliográficos associados ao registo de autoridade

Etiqueta de registo: 00230nam 2200025 450
001 1778727
003 http://id.bnportugal.gov.pt/bib/catbnp/1778727
010 ## $a978-989-685-026-5
100 ## $a20110505d2011 k y0pory01030103ba
101 0# $apor
102 ## $aPT
105 ## $ay z 000yy
106 ## $ar
200 1# $aDiagnóstico da população imigrante no concelho de Moura$edesafios e potencialidades para o desenvolvimento local$fcoord. COMOIPREL-Cooperativa Mourense de Interesse Público de responsabilidade Limitada, Maria da Saudade Rodrigues Colaço Baltazar
205 ## $a1ª ed
210 #9 $aLisboa$cACIDI,$d2011
211 ## $a201105
215 ## $ap.
675 ## $a314$vBN$zpor$3290136
675 ## $a316$vBN$zpor$3317686
702 #1 $aBaltazar,$bMaria da Saudade$4340$3159375
712 02 $aCOMOIPREL-Cooperativa Mourense de Interesse Público de responsabilidade Limitada$4340$31459467
801 #0 $aPT$bBN$gRPC

Etiqueta de registo: 00000nkm 2200025 450
001 2281625
003 http://id.bnportugal.gov.pt/bib/catbnp/2281625
100 ## $a20260318d1988 m y0pory01030103ba
101 0# $apor
102 ## $aPT
200 1# $aCOMOIPREL, Formação profissional, artesanato, cinegética, turismo$bVisual gráfico]$fCOMOIPREL$gAntónio Couvinha 88
210 #9 $aMoura$cCOMOIPREL,$d1988
215 ## $a1 cartaz$ccolor.$d44,5x31,1 cm
317 ## $aColeção Madeira Luís
702 #1 $aCouvinha,$bAntónio,$f1951-$327403
710 02 $aCOMOIPREL-Cooperativa Mourense de Interesse Público de responsabilidade Limitada$31459467
801 #0 $aPT$bBN$gRPC
966 ## $lBN$mICONOG$sCT. 16479 V.$x3
971 ## $cCaticonografia9$d20260318
995 ## $aPRR2026

OpendataBNP@bnportugal.pt | Mais informação sobre acesso aos dados BNP